Normal view MARC view
  • Física

Entry Materia

Number of records used in: 34

001 - NÚMERO DE CONTROL DEL REGISTRO

  • campo de control: 44449

003 - IDENTIFICADOR DE NUMERO DE CONTROL

  • campo de control: MX-MxUPN

005 - FECHA Y HORA DE LA ÚLTIMA TRANSACCIÓN

  • campo de control: 20220519100640.0

008 - DATOS DE LONGITUD FIJA

  • campo de control de longitud fija: 220519|| acn||babn | a|a d

040 ## - FUENTE DE LA CATALOGACIÓN

  • Centro catalogador de origen: MX-MxUPN
  • Lengua de catalogación: spa
  • Agencia de transcripción: MX-MxUPN

046 ## - FECHAS CON CODIFICACIÓN ESPECIAL

  • Fecha final para contenidos agregados: 0

150 ## - ENCABEZAMIENTO - TEMÁTICO

  • Término de materia o nombre geográfico como elemento inicial: Física
  • Subdivisión de forma: Libros de texto

670 ## - FUENTE EN LA QUE SE LOCALIZARON DATOS

  • Cita de la fuente: Catálogo de autoridades de la Biblioteca del Congreso, 19 mayo 2022:
  • Información localizada: (Physics--Textbooks)

902 ## - CATALOGADOR

  • Catalogador: VRC/190522